<?xml version="1.0" encoding="UTF-8"?>
<collection xmlns="http://www.loc.gov/MARC21/slim">
 <record>
  <leader>00627nam a22001577i 4500</leader>
  <controlfield tag="001">000565546</controlfield>
  <controlfield tag="008">190228s1937    ??     fr     000 0 cze?d</controlfield>
  <datafield tag="STA" ind1=" " ind2=" ">
   <subfield code="a">Rychlá katalogizace</subfield>
  </datafield>
  <datafield tag="100" ind1="1" ind2=" ">
   <subfield code="a">Wagemann, Ernst,</subfield>
   <subfield code="d">1884-1956</subfield>
   <subfield code="7">skuk0001454</subfield>
  </datafield>
  <datafield tag="245" ind1=" " ind2="0">
   <subfield code="a">Wirtschafts-Politische Strategie : von den obersten Grundsätzen wirtschaftlicher Staatskunst</subfield>
  </datafield>
  <datafield tag="264" ind1=" " ind2="1">
   <subfield code="a">Hamburg</subfield>
   <subfield code="b">Hanseatische Verlagsanstalt</subfield>
   <subfield code="c">1937</subfield>
  </datafield>
  <datafield tag="300" ind1=" " ind2=" ">
   <subfield code="a">368 s.</subfield>
  </datafield>
  <datafield tag="993" ind1=" " ind2=" ">
   <subfield code="x">NEPOSILAT</subfield>
   <subfield code="y">RYCHLA</subfield>
  </datafield>
  <datafield tag="996" ind1=" " ind2=" ">
   <subfield code="1">PDPZ2</subfield>
   <subfield code="3">F10800</subfield>
   <subfield code="4">PC=1917/37</subfield>
   <subfield code="5">3142323644</subfield>
   <subfield code="8">20190228</subfield>
   <subfield code="f">95</subfield>
   <subfield code="l">UEP01</subfield>
   <subfield code="m">BOOK</subfield>
   <subfield code="q">Knihovna Žižkov depoz. 2</subfield>
   <subfield code="t">prezenční - lze objednat</subfield>
   <subfield code="u">UEP01</subfield>
   <subfield code="w">20190228</subfield>
  </datafield>
 </record>
</collection>
